| 000 | 00366nam a2200145 a 4500 | ||
|---|---|---|---|
| 001 | 3411 | ||
| 003 | CDMR | ||
| 005 | 20130312180033.0 | ||
| 008 | 130130s1973||||||||||||||||||||||||||||d | ||
| 040 |
_aCDMR _bcat _cCDMR |
||
| 100 | 1 |
_aBañeres, Enrique _92455 |
|
| 245 | 1 | 0 |
_aSeis años de "Diario de Lérida" _cEnrique Bañeres |
| 260 |
_aBarcelona _c1973 |
||
| 942 |
_cTSN _2udc |
||
| 999 |
_c3411 _d3411 |
||